|
|
|
|
| LEADER |
01817nam a2200517 a 4500 |
| 001 |
nkc20102089608 |
| 003 |
CZ PrNK |
| 005 |
20100421135714.0 |
| 007 |
ta |
| 008 |
100325s2010 xr a e c 000 0dcze |
| 015 |
|
|
|a cnb002089608
|
| 020 |
|
|
|a 978-80-904336-9-4
|q (brož.)
|
| 035 |
|
|
|a (OCoLC)614290698
|
| 040 |
|
|
|a ABA001
|b cze
|
| 041 |
1 |
|
|a cze
|a eng
|h cze
|
| 043 |
|
|
|a e-xr---
|
| 045 |
|
|
|a y0y0
|
| 072 |
|
7 |
|a 75
|x Malířství
|2 Konspekt
|9 21
|
| 080 |
|
|
|a 75(437.3)
|2 MRF
|
| 080 |
|
|
|a 75.036/.038
|2 MRF
|
| 080 |
|
|
|a (437.3)
|2 MRF
|
| 080 |
|
|
|a (083.824)
|2 MRF
|
| 100 |
1 |
|
|a Rittstein, Michael,
|d 1949-
|7 jn19990007060
|4 art
|
| 245 |
1 |
0 |
|a Michael Rittstein :
|b místo činu /
|c [text David Majer]
|
| 246 |
3 |
0 |
|a Místo činu
|
| 260 |
|
|
|a Ostrava :
|b Šmíra-Print,
|c 2010
|
| 300 |
|
|
|a [32] s. :
|b barev. il. ;
|c 29 cm
|
| 500 |
|
|
|a Životopisná data, přehled výstav a zastoupení ve sbírkách
|
| 500 |
|
|
|a Vydáno k výstavě obrazů konané ve dnech 4.3.-23.4.2010 v Galerii Beseda v Ostravě
|
| 500 |
|
|
|a 400 výt.
|
| 546 |
|
|
|a Část. souběžný anglický text
|
| 600 |
1 |
7 |
|a Rittstein, Michael,
|d 1949-
|7 jn19990007060
|2 czenas
|
| 648 |
|
4 |
|a 2007-2009
|
| 650 |
0 |
7 |
|a české malířství
|7 ph116864
|y 21. stol.
|2 czenas
|
| 650 |
0 |
7 |
|a moderní malířství
|7 ph122940
|z Česko
|2 czenas
|
| 650 |
0 |
9 |
|a Czech painting
|y 21st century
|2 eczenas
|
| 650 |
0 |
9 |
|a modern painting
|z Czechia
|2 eczenas
|
| 655 |
|
7 |
|a katalogy výstav
|7 fd132536
|2 czenas
|
| 655 |
|
9 |
|a exhibition catalogs
|2 eczenas
|
| 700 |
1 |
|
|a Majer, David
|7 mzk2007382164
|4 wfw
|
| 710 |
2 |
|
|a Galerie Beseda (Ostrava, Česko)
|7 xx0083786
|
| 910 |
2 |
|
|a BOA001
|b 4-1237.631
|
| 990 |
|
|
|a BK
|
| 995 |
|
|
|a 01
|
| 991 |
|
|
|b 201004
|c NOV
|
| 996 |
6 |
|
|b 2610425159
|c 4-1237.631
|l MZK
|r Sklad / do 1 hodiny
|n 4
|p p.v.
|w 001116529
|u 000010
|a 1
|e BOA001
|j MZK50
|s P
|